[Event "HUN-chT2 Toth 2122"]
[Site "Hungary"]
[Date "2022.02.13"]
[Round "6.9"]
[White "Erdei, Imre"]
[Black "Tenk, Zoltan"]
[Result "0-1"]
[WhiteElo "1621"]
[BlackElo "1863"]
[PlyCount "100"]
[EventDate "2021.10.10"]
[EventType "team-tourn"]
[EventRounds "9"]
[EventCountry "HUN"]
[SourceTitle "EXT 2025"]
[Source "ChessBase"]
[SourceDate "2024.10.14"]
[SourceVersion "1"]
[SourceVersionDate "2024.10.14"]
[SourceQuality "1"]
[WhiteTeam "Mako Duocor II"]
[BlackTeam "Maroczy II"]
[WhiteTeamCountry "HUN"]
[BlackTeamCountry "HUN"]

1. d4 d5 2. Nf3 Nf6 3. e3 e6 4. c4 Be7 5. Bd3 0-0 6. 0-0 dxc4 7. Bxc4 c5 8. Nc3 cxd4 9. Nxd4 a6 10. a3 b5 11. Be2 Bb7 12. Bf3 Qb6 13. Bxb7 Qxb7 14. Qf3 Qxf3 15. Nxf3 Nc6 16. b4 Rfd8 17. Bb2 Nd5 18. Nxd5 Rxd5 19. Rac1 Nd8 20. Rfd1 Rc8 21. Rxd5 Rxc1+ 22. Bxc1 exd5 23. Nd4 g6 24. f4 f5 25. Kf2 Bf6 26. Kf3 Bxd4 27. exd4 Kf7 28. g4 fxg4+ 29. Kxg4 h5+ 30. Kf3 Kf6 31. h3 Kf5 32. Be3 Nf7 33. Bc1 Nd6 34. Ke3 Nc4+ 35. Kd3 h4 36. Be3 Nxa3 37. Bf2 Kxf4 38. Bxh4 g5 39. Be1 Nc4 40. h4 g4 41. Ke2 Nd6 42. Bd2+ Kf5 43. Be3 Kg6 44. Bf4 Nf5 45. Be5 Kh5 46. Kf2 Kxh4 47. Bf6+ Kh3 48. Be5 g3+ 49. Bxg3 Nxg3 50. Ke3 Kg4 0-1

[Event "HUN-chT2 Toth 1819"]
[Site "Hungary"]
[Date "2018.09.23"]
[Round "1.5"]
[White "Erdei, Imre"]
[Black "Bakos, Adam Tamas"]
[Result "1/2-1/2"]
[WhiteElo "1663"]
[BlackElo "1336"]
[PlyCount "49"]
[EventDate "2018.09.23"]
[EventType "team-tourn"]
[EventRounds "11"]
[EventCountry "HUN"]
[SourceTitle "EXT 2021"]
[Source "ChessBase"]
[SourceDate "2020.10.23"]
[SourceVersion "1"]
[SourceVersionDate "2020.10.23"]
[SourceQuality "1"]
[WhiteTeam "Mako Duocor II"]
[BlackTeam "Kecskemet Toth Laszlo II"]
[WhiteTeamCountry "HUN"]
[BlackTeamCountry "HUN"]

1. d4 d5 2. c4 e6 3. Nf3 c5 4. cxd5 exd5 5. dxc5 Bxc5 6. e3 Nf6 7. Bd3 Nc6 8. 0-0 0-0 9. Qc2 Bd6 10. a3 Qc7 11. h3 h6 12. Nc3 a6 13. b4 b5 14. Bb2 Bb7 15. Ne2 Nd7 16. Rac1 Rac8 17. Qb3 Qb6 18. Qc3 Nce5 19. Qd4 Nxf3+ 20. gxf3 Qxd4 21. Bxd4 Ne5 22. Bxe5 Bxe5 23. Nd4 Rfd8 24. f4 Bf6 25. Kh2 1/2-1/2

[Event "HUN-chT2 Toth 0910"]
[Site "Hungary"]
[Date "2010.02.14"]
[Round "6.11"]
[White "Erdei, Imre"]
[Black "Horvath, Adam2"]
[Result "1-0"]
[WhiteElo "1837"]
[BlackElo "100"]
[PlyCount "129"]
[EventDate "2009.11.08"]
[EventType "team-tourn"]
[EventRounds "11"]
[EventCountry "HUN"]
[SourceTitle "EXT 2011"]
[Source "ChessBase"]
[SourceDate "2010.11.26"]
[SourceVersion "1"]
[SourceVersionDate "2010.11.26"]
[SourceQuality "1"]
[WhiteTeam "Mako II"]
[BlackTeam "Kkfhazi Honved"]
[WhiteTeamCountry "HUN"]
[BlackTeamCountry "HUN"]

1. d4 Nf6 2. c4 g6 3. Nc3 Bg7 4. e4 d6 5. Nf3 0-0 6. Bd3 Re8 7. Be3 Ng4 8. Qd2 Nxe3 9. Qxe3 Bg4 10. Be2 Bxf3 11. Bxf3 Nc6 12. Ne2 e5 13. d5 Nb4 14. Qc3 Na6 15. 0-0 Nc5 16. b4 Nd7 17. c5 Rc8 18. Rac1 Nf6 19. Qa3 a6 20. Qb3 Qd7 21. a4 b5 22. c6 Qe7 23. axb5 axb5 24. Nc3 Rb8 25. Be2 Rb6 26. Ra1 Reb8 27. Ra7 Qd8 28. Rfa1 Bh6 29. Qc2 Ne8 30. R1a5 Qg5 31. Nxb5 Rc8 32. Rb7 Qd2 33. Qxd2 Bxd2 34. Rxb6 cxb6 35. Ra4 h5 36. g4 hxg4 37. Bxg4 Rb8 38. c7 Nxc7 39. Nxc7 b5 40. Ra1 Rb7 41. Ra8+ Kh7 42. Na6 Kh6 43. Be2 Kg5 44. Rd8 Rb6 45. Nc7 Bxb4 46. Nxb5 Ba5 47. Rc8 Bb4 48. Rc6 Bc5 49. Rxb6 Bxb6 50. Nxd6 Kf6 51. Bb5 Bd8 52. Kg2 Ke7 53. Nc4 Kf6 54. Kg3 g5 55. h4 gxh4+ 56. Kxh4 Kg6+ 57. Kg4 f6 58. Be8+ Kg7 59. Kf5 Kf8 60. Bc6 Ke7 61. d6+ Kf7 62. Bd5+ Ke8 63. Ke6 Be7 64. dxe7 f5 65. Kf6 1-0